| 000 | 00453nam a2200169Ia 4500 | ||
|---|---|---|---|
| 008 | 131103s9999 xx 000 0 und d | ||
| 040 | _aLoreto College | ||
| 041 | _aEnglish | ||
| 082 |
_a891.431/SUR-TIW _bLCLIB/44808 |
||
| 100 | _aTiwari,Balram | ||
| 245 |
_aSur ke kavya-chetna _cBalram Tiwari |
||
| 260 |
_aAllahabad _bAvhibakti prakshan _c2001 |
||
| 300 |
_a122p _c 18cm |
||
| 650 | _aHindi poet | ||
| 850 | _aLCLIB/891431/SUR-TWI | ||
| 942 | _cBK | ||
| 999 |
_c19791 _d70270 |
||